000
00295nam a22001337a 4500
008
221130b ||||| |||| 00| 0 eng d
041
_a
eng
080
_a
61
082
_a
61NEA
100
_a
4
101
_a
MJK
245
_a
CASE MYSTERIES IN PATHOPHYSIOLOGY
_c
NEAFSEY J .P
942
_2
udc
_c
BK
999
_c
59048
_d
59048